| 000 | 00618nam a2200181 i 4500 | ||
|---|---|---|---|
| 001 | 31863 | ||
| 003 | ES-MaACL | ||
| 005 | 20230906154449.0 | ||
| 007 | t| | ||
| 008 | 030130s1979 sp ||||1| spa d | ||
| 100 | 1 |
_aBeetham, David. _927029 |
|
| 245 | 1 | 0 |
_aMax Weber y la teoría política moderna / _cDavid Beetham ; [traducción de Fernando Pérez Cebrián]. |
| 260 |
_aMadrid : _bCentro de Estudios Constitucionales, _c1979. |
||
| 300 |
_a459 p. ; _c21 cm. |
||
| 700 | 1 |
_aPérez Cebrián, Fernando. _990725 |
|
| 710 | 2 |
_aCentro de Estudios Constitucionales (España) _92618 |
|
| 852 |
_aES-MaACL _jL-2501 _bR.103452 |
||
| 999 |
_c31863 _d31863 |
||